Pán Boh je veľký gavalier- MUDr. A. Neuwirth: Ľudský život mi pripadá ako šanca pre šťastie

Bibliographic Details
Main Authors: Slovák, Emil (ain), Neuwirth, Anton, 1921-2004 (Author, uin)
Format: Article
Language:Slovak
PhysicalDescription:Fotogr.
Subjects:

MARC

LEADER 00000nab a2200000 a 4500
001 vtls000763643
003 SK-MaSNL
005 20260302154033.0
008 180205c2001 xo 0 slo
015 |a SNBRB2001/07-21901 
035 |a CLN000115430 
040 |a SNKBUCL  |b slo  |c SNKBUCL  |e AACR2 
041 0 |a slo 
044 |a xo  |c SK 
080 |a 341.71  |2 UDC-MRF-SK2 
080 |a 261.7  |2 UDC-MRF-SK2 
080 |a 61-051  |2 UDC-MRF-SK2 
080 |a 378.25  |2 UDC-MRF-SK2 
080 |a 929 Neuwirth, Anton  |2 UDC-MRF-SK2 
100 1 |a Slovák, Emil  |4 ain  |9 838980 
245 1 0 |a Pán Boh je veľký gavalier-  |b MUDr. A. Neuwirth: Ľudský život mi pripadá ako šanca pre šťastie  |c [zhováral sa] Emil Slovák 
300 |b Fotogr. 
600 1 7 |a Neuwirth, Anton,  |d 1921-2004  |2 snkbucl  |9 261145 
655 7 |a články z novín a časopisov  |2 snkbucl  |9 267496 
700 1 |a Neuwirth, Anton,  |d 1921-2004  |4 aut  |4 uin  |9 261145 
773 0 |t Fakty  |g Roč. 8, č. 10 (2001), s. 8-11 
850 |a Slovenská národná knižnica v Martine 
852 |a SNK  |b KIS3GCP 
958 |a RBX 
999 |c 1367291  |d 1369221